<?xml version="1.0" encoding="UTF-8"?>
<record
    xmlns:xsi="http://www.w3.org/2001/XMLSchema-instance"
    xsi:schemaLocation="http://www.loc.gov/MARC21/slim http://www.loc.gov/standards/marcxml/schema/MARC21slim.xsd"
    xmlns="http://www.loc.gov/MARC21/slim">

  <leader>01587nam a22002777a 4500</leader>
  <controlfield tag="005">20241202132736.0</controlfield>
  <controlfield tag="008">241202b        sa ||||| |||| 00| 0 eng d</controlfield>
  <datafield tag="020" ind1=" " ind2=" ">
    <subfield code="a">9781919713731</subfield>
  </datafield>
  <datafield tag="040" ind1=" " ind2=" ">
    <subfield code="a">RDA</subfield>
    <subfield code="c">3228</subfield>
  </datafield>
  <datafield tag="041" ind1=" " ind2=" ">
    <subfield code="2">E</subfield>
  </datafield>
  <datafield tag="082" ind1=" " ind2=" ">
    <subfield code="a">363.50968 CONF</subfield>
  </datafield>
  <datafield tag="100" ind1=" " ind2=" ">
    <subfield code="a">Harrison, Philip</subfield>
    <subfield code="9">4464</subfield>
  </datafield>
  <datafield tag="245" ind1=" " ind2=" ">
    <subfield code="a"> Confronting fragmentation : housing and urban development in a democratising society</subfield>
  </datafield>
  <datafield tag="260" ind1=" " ind2=" ">
    <subfield code="a">Lansdowne, Cape Town</subfield>
    <subfield code="b">University of Cape Town Press, </subfield>
    <subfield code="c">2003.</subfield>
  </datafield>
  <datafield tag="300" ind1=" " ind2=" ">
    <subfield code="a">xvii; [319 pages] : illustrations, maps</subfield>
    <subfield code="c">24 cm</subfield>
  </datafield>
  <datafield tag="500" ind1=" " ind2=" ">
    <subfield code="a">Although apartheid has ended, South African cities have remained divided, and new forms of segregation have emerged. This study of urban fragmentation offers South African and international case studies that illustrate the theoretical and practical challenges of governance and equality in divided urban living. Issues discussed include housing, public transport policies, health care, and HIV/AIDS. Community activists, policy-makers, and urban planners will benefit from this provocative analysis of an important challenge to social justice and societal healing.</subfield>
  </datafield>
  <datafield tag="504" ind1=" " ind2=" ">
    <subfield code="a">Includes bibliographical references and index.</subfield>
  </datafield>
  <datafield tag="650" ind1=" " ind2=" ">
    <subfield code="a"> City planning</subfield>
    <subfield code="9">191127</subfield>
  </datafield>
  <datafield tag="650" ind1=" " ind2=" ">
    <subfield code="a">City planning South Africa</subfield>
    <subfield code="9">191278</subfield>
  </datafield>
  <datafield tag="650" ind1=" " ind2=" ">
    <subfield code="a">URBANIZATION ; SOUTH AFRICA </subfield>
    <subfield code="9">191290</subfield>
  </datafield>
  <datafield tag="700" ind1=" " ind2=" ">
    <subfield code="a">Philip Harrison (Editor)</subfield>
    <subfield code="9">191280</subfield>
  </datafield>
  <datafield tag="700" ind1=" " ind2=" ">
    <subfield code="a">Marie Huchzermeyer (Editor)</subfield>
    <subfield code="9">191282</subfield>
  </datafield>
  <datafield tag="700" ind1=" " ind2=" ">
    <subfield code="a">Mzwanele Mayekiso (Editor)</subfield>
    <subfield code="9">191283</subfield>
  </datafield>
  <datafield tag="700" ind1=" " ind2=" ">
    <subfield code="a">Stuart Sholto-Douglas (Editor)</subfield>
    <subfield code="9">191281</subfield>
  </datafield>
  <datafield tag="942" ind1=" " ind2=" ">
    <subfield code="2">ddc</subfield>
    <subfield code="c">BOOK</subfield>
    <subfield code="h">363.50968 CONF</subfield>
    <subfield code="w">365</subfield>
    <subfield code="x">Zama Nxumalo</subfield>
    <subfield code="y">365</subfield>
    <subfield code="z">Zama Nxumalo</subfield>
  </datafield>
  <datafield tag="999" ind1=" " ind2=" ">
    <subfield code="c">771277</subfield>
    <subfield code="d">771276</subfield>
  </datafield>
</record>
